000 00265nam a2200121 i 4500
001 bg
245 0 _aW kręgu ideologicznych dyskusji.
260 _aWarszawa,
_c1975.
040 _cBPK
041 _apol
942 _cKS
008 s pl f |000 0 pol
999 _c26865
_d26865
856 _uhttp://koha.tu.koszalin.pl/cgi-bin/koha/opac-detail.pl?biblionumber=26865
_yKatalog online BPK